Growth of KDP crystal: (Record no. 21084)

MARC details
000 -LEADER
fixed length control field 00795nas a2200229 4500
005 - DATE AND TIME OF LATEST TRANSACTION
control field 20080925050328.0
008 - FIXED-LENGTH DATA ELEMENTS--GENERAL INFORMATION
fixed length control field 750824c19479999nyuqr p 0 a0eng d
010 ## - LCCN (DPL NO)
LC control number ENG-92543
020 ## - INTERNATIONAL STANDARD BOOK NUMBER
Terms of availability 30.00
International Standard Book Number 8177354493
035 ## - SYSTEM CONTROL NUMBER
System control number EN-76076
037 ## - SOURCE OF ACQUISITION
Source of stock number/acquisition DBAD / PUB
040 ## - CATALOGING SOURCE
Original cataloging agency dpl
Language of cataloging English
082 ## - DEWEY DECIMAL CLASSIFICATION NUMBER
Classification number 548
100 ## - MAIN ENTRY--PERSONAL NAME
Personal name Karthika, U.
245 ## - TITLE STATEMENT
Title Growth of KDP crystal:
Statement of responsibility, etc by U. Karthika
Remainder of title (pure and dopped with KCL and KMNO4) /
260 ## - PUBLICATION, DISTRIBUTION, ETC. (IMPRINT)
Place of publication, distribution, etc Chennai
Name of publisher, distributor, etc Pavai Publications
Date of publication, distribution, etc 2007
300 ## - PHYSICAL DESCRIPTION
Extent 56p.:
Dimensions 20cm (pbk)
Other physical details ill.
500 ## - GENERAL NOTE
General note Includes bibliographical references
650 ## - SUBJECT ADDED ENTRY--TOPICAL TERM
Topical term or geographic name as entry element Crystal growth.
942 ## - ADDED ENTRY ELEMENTS (KOHA)
Source of classification or shelving scheme Dewey Decimal Classification
Item type English Books
Call number suffix KAR
Classification part 548
Holdings
Withdrawn status Lost status Source of classification or shelving scheme Damaged status Not for loan Collection code Home library Current library Date acquired Source of acquisition Cost, normal purchase price Total Checkouts Full call number Barcode Date last seen Copy number Cost, replacement price Koha item type
    Dewey Decimal Classification   Not For Loan Non-fiction D.B.Act.Division D.B.Act.Division 16/01/2009 DBAD / PUB 30.00   548 KAR EN-76076 16/01/2009 1 30.00 English Books

© Delhi Public Library
Hit Counter
free hit counter